000
00181nam a2200085 4500
001
1258559
005
20260312192839.0
245
_a
PİNOKYO
_c
CARLO COLLODİ
260
_b
ARTEMİS ÇOCUK
999
_c
1258559
_d
1258559